[Event "In Memorium"]
[Site "SchemingMind.com"]
[Date "2007.06.17"]
[Round "-"]
[White "St.Alfonzo"]
[Black "Pervachess"]
[Result "0-1"]
[WhiteCountry "CAN"]
[BlackCountry "ROU"]
[WhiteElo "1144"]
[WhiteRD "80"]
[BlackElo "1522"]
[BlackRD "201"]
[GameID "109449"]

1. d4 d5 2. Bg5 h6 3. Bh4 Nf6 4. Nc3 e6 5. Bg3 a6 6. Qd3 Nc6 7. e4 Nb4 8. O-O-O Nxd3+ 9. Rxd3 dxe4 10. Rd1 Bd6
11. Bxd6 cxd6 12. f3 d5 13. g4 exf3 14. Nxf3 Nxg4 15. Rg1 Ne3 16. Rxg7 Nxd1 17. Kxd1 Qf6 18. Rg1 Qxf3+ 19. Be2 Qf2 20. Rf1 Qxh2
0-1

[Event "In Memorium"]
[Site "SchemingMind.com"]
[Date "2007.06.17"]
[Round "-"]
[White "bull mccabe"]
[Black "Pervachess"]
[Result "1-0"]
[WhiteCountry "IRL"]
[BlackCountry "ROU"]
[WhiteElo "1399"]
[WhiteRD "64"]
[BlackElo "1219"]
[BlackRD "103"]
[GameID "109450"]

1. e4 e5 2. Nf3 Nc6 3. Bb5 a6 4. Ba4 Nf6 5. O-O b5 6. Bb3 h6 7. Re1 Bc5 8. c3 O-O 9. d4 exd4 10. Nxd4 Nxd4
11. cxd4 Bb4 12. Bd2 Bxd2 13. Nxd2 d6 14. h3 Be6 15. Rc1 Qc8 16. e5 dxe5 17. dxe5 Nh7 18. Nf3 c5 19. a3 c4 20. Bc2 Rd8
21. Qe2 Nf8 22. Rcd1 Rxd1 23. Rxd1
1-0

[Event "In Memorium"]
[Site "SchemingMind.com"]
[Date "2007.06.17"]
[Round "-"]
[White "smothered mate"]
[Black "Pervachess"]
[Result "1-0"]
[WhiteCountry "POL"]
[BlackCountry "ROU"]
[WhiteElo "1930"]
[WhiteRD "80"]
[BlackElo "1219"]
[BlackRD "103"]
[GameID "109451"]

1. e4 e5 2. Nf3 d6 3. Bc4 h6 4. d4 Nc6 5. Nc3 Nf6 6. O-O Bg4 7. dxe5 Bxf3 8. Qxf3 Nxe5 9. Qe2 Be7 10. Bb3 O-O
11. f4 Nc6 12. Be3 Na5 13. e5 dxe5 14. fxe5 Nxb3 15. exf6 Nxa1 16. fxe7 Qxe7 17. Rxa1 c6 18. Qf2 b6 19. Re1 Qd7 20. Qg3 Kh7
21. Rd1 Qf5 22. Bd4 g6 23. Rd2 Rad8 24. Rf2 Qe6 25. Qe5 Qxe5 26. Bxe5 Rc8 27. Ne4 h5 28. Ng5+ Kg8 29. Bd6
1-0

[Event "In Memorium"]
[Site "SchemingMind.com"]
[Date "2007.06.16"]
[Round "-"]
[White "loco61"]
[Black "Ashmaster"]
[Result "0-1"]
[WhiteCountry "ENG"]
[BlackCountry "IRL"]
[WhiteElo "1513"]
[WhiteRD "62"]
[BlackElo "1650"]
[BlackRD "72"]
[GameID "109461"]

1. e4 c5 2. Nf3 d6 3. Bc4 e6 4. O-O Nc6 5. c3 a6 6. d4 cxd4 7. cxd4 Nf6 8. Nc3 b5 9. Nxb5 axb5 10. Bxb5 Bd7
11. a4 Nxe4 12. b3 Nc3 13. Qd3 Nxb5 14. Qxb5 Nxd4 15. Qb7 Bc6 16. Qb4 Nc2 17. Qc3 Bxf3 18. Ra2 Be4 19. Bd2 Rc8 20. Qg3 Bg6
21. b4 Be7 22. a5 d5 23. b5 Nd4 24. Qe5 Bf6 25. Qe3 Nxb5 26. Bb4 Be7 27. Bxe7 Qxe7 28. Qb6 Qc5 29. Qxc5 Rxc5 30. a6 O-O
31. a7 Nxa7 32. Rxa7 h6
0-1

[Event "In Memorium"]
[Site "SchemingMind.com"]
[Date "2007.06.17"]
[Round "-"]
[White "loco61"]
[Black "Games Freak"]
[Result "1-0"]
[WhiteCountry "ENG"]
[BlackCountry "AUS"]
[WhiteElo "1508"]
[WhiteRD "68"]
[BlackElo "1266"]
[BlackRD "78"]
[GameID "109462"]

1. e4 d5 2. exd5 Qxd5 3. Nc3 Qe5+ 4. Qe2 Qd6 5. Nf3 Qd8 6. d4 Nc6 7. Bf4 Nb4 8. a3 Nd5 9. Nxd5 Qxd5 10. c4 Qa5+
11. Bd2 Qb6 12. b4 Nf6 13. c5 Qc6 14. Ne5 Qa4 15. Qc4 Be6 16. Qb5+ Qxb5 17. Bxb5+ Bd7 18. Nxd7 Nxd7 19. c6 bxc6 20. Bxc6 Rd8
21. Rc1 e6 22. O-O g6 23. Bf4 h6 24. Be5 Rh7 25. Ba4 h5 26. Rxc7 a6 27. Rfc1 a5 28. b5 Bxa3 29. R1c2 f6 30. Bg3 h4
31. Bf4 g5 32. Bd2 e5 33. b6 Kf8 34. Bxa5 Bd6 35. Rc8
1-0

[Event "In Memorium"]
[Site "SchemingMind.com"]
[Date "2007.06.18"]
[Round "-"]
[White "loco61"]
[Black "echecs"]
[Result "0-1"]
[WhiteCountry "ENG"]
[BlackCountry "ENG"]
[WhiteElo "1513"]
[WhiteRD "62"]
[BlackElo "1805"]
[BlackRD "60"]
[GameID "109463"]

1. e4 e5 2. b3 d6 3. Nf3 Nc6 4. Bb5 Bd7 5. Nc3 Nf6 6. O-O a6 7. Bc4 Bg4 8. h3 Bh5 9. g4 Bg6 10. Qe2 Qd7
11. Ba3 h6 12. Rad1 b5 13. Bxb5 axb5 14. Nxb5 Be7 15. c4 Bxe4 16. d3 Bxf3 17. Qxf3 O-O 18. Ra1 Nd4 19. Nxd4 exd4 20. Bb2 c5
21. a3 Rfb8 22. a4 Nh7 23. Bc1 Ra7 24. Ra3 Rab7 25. Qd1 Ng5 26. Kh2 d5 27. f4 Ne6 28. a5 dxc4 29. bxc4 Bd6 30. a6 Ra7
31. Kg2 Rba8 32. f5 Nc7 33. f6 g5 34. h4 Ne6 35. h5 Rxa6 36. Rxa6 Rxa6 37. Bd2 Nf4+ 38. Bxf4 Bxf4 39. Qe2 Rxf6
0-1

[Event "In Memorium"]
[Site "SchemingMind.com"]
[Date "2007.06.15"]
[Round "-"]
[White "loco61"]
[Black "St.Alfonzo"]
[Result "1-0"]
[WhiteCountry "ENG"]
[BlackCountry "CAN"]
[WhiteElo "1534"]
[WhiteRD "67"]
[BlackElo "1144"]
[BlackRD "80"]
[GameID "109464"]

1. e4 d5 2. exd5 Qxd5 3. Nc3 Qe5+ 4. Qe2 Nc6 5. Nf3 Qxe2+ 6. Bxe2 e5 7. Bb5 a6 8. Bxc6+ bxc6 9. Nxe5 c5 10. d3 Bd6
11. Nf3 Be6 12. Bg5 Ne7 13. O-O
1-0

[Event "In Memorium"]
[Site "SchemingMind.com"]
[Date "2007.06.16"]
[Round "-"]
[White "loco61"]
[Black "bull mccabe"]
[Result "1-0"]
[WhiteCountry "ENG"]
[BlackCountry "IRL"]
[WhiteElo "1513"]
[WhiteRD "62"]
[BlackElo "1399"]
[BlackRD "64"]
[GameID "109465"]

1. e4 c5 2. Nf3 Nc6 3. Bb5 e6 4. c3 Nf6 5. d3 a6 6. Bxc6 bxc6 7. Bg5 Be7 8. Nbd2 O-O 9. e5 Nd5 10. Bxe7 Qxe7
11. c4 Nb6 12. b3 d5 13. O-O Nd7 14. Re1 h6 15. h3 d4 16. Ne4 Rb8 17. Rb1 Bb7 18. Nd6 Nb6 19. Nd2
1-0

[Event "In Memorium"]
[Site "SchemingMind.com"]
[Date "2007.06.16"]
[Round "-"]
[White "loco61"]
[Black "smothered mate"]
[Result "0-1"]
[WhiteCountry "ENG"]
[BlackCountry "POL"]
[WhiteElo "1513"]
[WhiteRD "62"]
[BlackElo "1930"]
[BlackRD "80"]
[GameID "109466"]

1. e4 c5 2. Nf3 Nc6 3. Bc4 e6 4. O-O d5 5. Bb5 dxe4 6. Ne5 Qc7 7. Qh5 Nf6 8. Bxc6+ bxc6 9. Qg5 h6 10. Qg3 Rh7
11. d3 Bd6 12. Bf4 Nh5 13. Qe3 Nxf4 14. Qxe4 f5 15. Qxf4 Bxe5 16. Qh4 g5 17. Qh5+ Qf7 18. Qxf7+ Kxf7 19. c3 Ba6 20. Rd1 Rd8
21. Nd2 Rxd3 22. Rab1 Kf6 23. Nf3 Rhd7 24. Rxd3 Rxd3 25. Nxe5 Kxe5 26. f3 Rd2 27. a3 Bd3 28. Re1+ Re2 29. Rxe2+ Bxe2 30. Kf2 Bc4
31. Ke3 f4+ 32. Kf2 a5 33. Ke1 a4 34. Kf2 Kd5 35. Ke1 e5 36. Kd2 Bf1 37. g4 e4 38. Ke1 Bh3 39. Kf2 e3+ 40. Ke2 Kc4
0-1

[Event "In Memorium"]
[Site "SchemingMind.com"]
[Date "2007.06.17"]
[Round "-"]
[White "loco61"]
[Black "Pervachess"]
[Result "1-0"]
[WhiteCountry "ENG"]
[BlackCountry "ROU"]
[WhiteElo "1505"]
[WhiteRD "65"]
[BlackElo "1201"]
[BlackRD "104"]
[GameID "109467"]

1. e4 e5 2. Nf3 Nc6 3. Bb5 a6 4. Bxc6 dxc6 5. Nc3 Bd6 6. d4 Bg4 7. dxe5 Bxf3 8. Qxf3 Bxe5 9. Bd2 b5 10. O-O-O Qf6
11. Qxf6 Nxf6 12. f3 O-O 13. f4 Bxc3 14. Bxc3 Nxe4 15. Bd4 c5 16. Be3 Rad8 17. Rxd8 Rxd8 18. Re1
1-0

[Event "In Memorium"]
[Site "SchemingMind.com"]
[Date "2007.06.18"]
[Round "-"]
[White "Ashmaster"]
[Black "loco61"]
[Result "1-0"]
[WhiteCountry "IRL"]
[BlackCountry "ENG"]
[WhiteElo "1650"]
[WhiteRD "72"]
[BlackElo "1513"]
[BlackRD "62"]
[GameID "109468"]

1. e4 e5 2. Nf3 Nc6 3. Bb5 Nf6 4. O-O d6 5. Nc3 Bd7 6. d4 exd4 7. Nxd4 Nxd4 8. Qxd4 c5 9. Qa4 Qb6 10. Bxd7+ Nxd7
11. Nd5 Qd8 12. Bg5 f6 13. Bf4 a6 14. c4 Be7 15. Rad1 O-O 16. Nxe7+ Qxe7 17. Bxd6 b5 18. cxb5 Qd8 19. Bxf8 axb5 20. Qxb5 Kxf8
21. Rxd7
1-0

[Event "In Memorium"]
[Site "SchemingMind.com"]
[Date "2007.06.18"]
[Round "-"]
[White "Games Freak"]
[Black "loco61"]
[Result "0-1"]
[WhiteCountry "AUS"]
[BlackCountry "ENG"]
[WhiteElo "1266"]
[WhiteRD "78"]
[BlackElo "1508"]
[BlackRD "68"]
[GameID "109469"]

1. e3 e5 2. Bc4 d5 3. Bb3 Nf6 4. Nf3 Nc6 5. O-O Bd6 6. d4 O-O 7. Nc3 exd4 8. Nxd5 dxe3 9. Bxe3 Be6 10. a3 Bxh2+
11. Nxh2 Nxd5 12. c4 Nxe3 13. Qxd8 Raxd8 14. Rae1 Nxf1 15. Rxf1 Rd2 16. Rb1 Nd4 17. Ba4 Bxc4 18. Nf1 Re2 19. Ne3 Bb5 20. Bxb5 Nxb5
21. Nd5 Rfe8 22. Nc3 Nxc3 23. bxc3 Re1+ 24. Rxe1 Rxe1+ 25. Kh2 Rc1 26. c4 Rxc4 27. f3 Ra4 28. g4 Rxa3 29. Kg3 c5 30. g5 b5
31. Kf4 b4 32. Kg4 b3 33. f4 b2 34. f5 b1=Q 35. f6 Qb4+ 36. Kf5 g6+ 37. Ke5 Qd4#
0-1

[Event "In Memorium"]
[Site "SchemingMind.com"]
[Date "2007.06.20"]
[Round "-"]
[White "echecs"]
[Black "loco61"]
[Result "1-0"]
[WhiteCountry "ENG"]
[BlackCountry "ENG"]
[WhiteElo "1792"]
[WhiteRD "64"]
[BlackElo "1505"]
[BlackRD "65"]
[GameID "109470"]

1. e4 e5 2. Nf3 Nc6 3. Bc4 Nf6 4. Ng5 d5 5. exd5 Nxd5 6. Qf3 Be6 7. d3 Nd4 8. Qd1 b5 9. Nxe6 fxe6 10. Bxd5 exd5
11. O-O Be7 12. Nc3 b4 13. Na4 O-O 14. b3 a5 15. Bb2 c5 16. Re1 Bd6 17. c3 Nc6 18. c4 d4 19. Qg4 Ne7 20. Bc1 Ng6
21. Bg5 Qc7 22. Re4 Qf7 23. Rf1 Nf4 24. Bxf4 exf4 25. Nb6 Ra6 26. Nd5 Bb8 27. Rfe1 Rg6 28. Qf3 Rg5 29. Ne7+ Kh8 30. Nc6 Bd6
31. Re6 Rg6 32. Rxg6 Qxg6 33. Nxa5 Re8 34. Rxe8+ Qxe8 35. g3 g5 36. h3 Qe1+ 37. Kg2 fxg3 38. Nb7 Qxf2+ 39. Qxf2 gxf2 40. Nxd6 Kg7
41. Kxf2 h5 42. Ne4
1-0

[Event "In Memorium"]
[Site "SchemingMind.com"]
[Date "2007.06.16"]
[Round "-"]
[White "St.Alfonzo"]
[Black "loco61"]
[Result "0-1"]
[WhiteCountry "CAN"]
[BlackCountry "ENG"]
[WhiteElo "1144"]
[WhiteRD "80"]
[BlackElo "1534"]
[BlackRD "67"]
[GameID "109471"]

1. Nc3 e5 2. Nf3 Nc6 3. e4 Bc5 4. d3 h6 5. Be3 Bxe3 6. fxe3 Nf6 7. d4 d6 8. d5 Ne7 9. Bb5+ c6 10. Bd3 cxd5
11. Bb5+ Bd7 12. Qd3 dxe4 13. Qe2 Nc6
0-1

[Event "In Memorium"]
[Site "SchemingMind.com"]
[Date "2007.06.16"]
[Round "-"]
[White "bull mccabe"]
[Black "loco61"]
[Result "0-1"]
[WhiteCountry "IRL"]
[BlackCountry "ENG"]
[WhiteElo "1399"]
[WhiteRD "64"]
[BlackElo "1513"]
[BlackRD "62"]
[GameID "109472"]

1. e4 e5 2. Nf3 Nc6 3. Bb5 a6 4. Ba4 b5 5. Bb3 Nf6 6. O-O d6 7. c3 Bg4 8. Re1 a5 9. h3 Bh5 10. d3 a4
11. Bc2 b4 12. Bxa4 Qd7 13. Bxc6 Qxc6 14. cxb4 d5 15. Nxe5 Bxd1 16. Nxc6 Ba4 17. exd5+ Kd7 18. Ne5+ Kc8 19. Nxf7 Rg8 20. Nc3 Be8
0-1

[Event "In Memorium"]
[Site "SchemingMind.com"]
[Date "2007.06.16"]
[Round "-"]
[White "smothered mate"]
[Black "loco61"]
[Result "1-0"]
[WhiteCountry "POL"]
[BlackCountry "ENG"]
[WhiteElo "1930"]
[WhiteRD "80"]
[BlackElo "1513"]
[BlackRD "62"]
[GameID "109473"]

1. e4 e5 2. Nf3 Nc6 3. Bc4 Nf6 4. d4 d6 5. Ng5 d5 6. exd5 Nxd5 7. Nxf7 Kxf7 8. Qf3+ Qf6 9. Bxd5+ Be6 10. Bxe6+ Kxe6
11. d5+ Kd6 12. Qxf6+ gxf6 13. dxc6 Kxc6 14. Be3 b6 15. Nc3 Bd6 16. Ne4 Be7 17. O-O-O f5 18. Bg5 Bxg5+ 19. Nxg5 Rag8 20. Nf7
1-0

[Event "In Memorium"]
[Site "SchemingMind.com"]
[Date "2007.06.18"]
[Round "-"]
[White "Pervachess"]
[Black "loco61"]
[Result "0-1"]
[WhiteCountry "ROU"]
[BlackCountry "ENG"]
[WhiteElo "1201"]
[WhiteRD "104"]
[BlackElo "1505"]
[BlackRD "65"]
[GameID "109474"]

1. e4 e5 2. f4 Nc6 3. d3 Bc5 4. Nf3 d6 5. f5 g6 6. fxg6 hxg6 7. Nc3 Be6 8. Ng5 Qe7 9. Nb5 a6 10. Nxe6 fxe6
11. Nc3 Nf6 12. Bg5 O-O-O 13. Be2 Qf7 14. Rf1 Rxh2 15. Rxf6 Qh7 16. Bf1 Nd4
0-1

[Event "In Memorium"]
[Site "SchemingMind.com"]
[Date "2007.06.15"]
[Round "-"]
[White "o.malito"]
[Black "loco61"]
[Result "1/2-1/2"]
[WhiteCountry "ITA"]
[BlackCountry "ENG"]
[WhiteElo "1712"]
[WhiteRD "92"]
[BlackElo "1535"]
[BlackRD "66"]
[GameID "109475"]

1. e4 e5 2. Nf3 Nc6 3. Bb5 a6 4. Ba4 b5 5. Bb3 Nf6 6. O-O Bc5 7. c3 d6 8. d4 Bb6 9. Bg5 h6 10. dxe5 hxg5
11. exf6 Qxf6 12. Bd5 Bb7 13. Re1 Rb8 14. Qd3 Ne5 15. Qe2 Nxf3+ 16. Qxf3 Qxf3 17. gxf3 Bxd5 18. exd5+ Kd7 19. Nd2 Rh5 20. Re2 Rbh8
21. Nf1 f5 22. Rae1 g6 23. Re7+ Kc8 24. Re8+ Rxe8 25. Rxe8+ Kb7 26. Re6 Rh6= 27. Ne3 Bxe3 28. fxe3 Kc8 29. Kg2 Kd7 30. e4 f4
31. Rf6 Ke7 32. e5 a5 33. Re6+ Kd7 34. exd6 cxd6 35. Re4 Kc7 36. a4 Kb6 37. axb5 Kxb5 38. b3 Kc5 39. Ra4 Kb5 40. c4+ Kb6
41. b4 axb4 42. Rxb4+ Kc5 43. Ra4 Rh7 44. Ra6 Rd7 45. Rc6+ Kd4 46. Kh3 Ke3 47. Kg4 Kf2 48. h3 Kg2 49. c5 dxc5 50. Rxc5 Rd6
51. Kxg5 Kxf3 52. Rc3+ Ke4 53. Rc4+ Kxd5 54. Rxf4 Ke5 55. Rh4 Rf6 56. Rh6 Rf3 57. Kxg6 Rg3+ 58. Kf7 Kf5 59. h4 Rh3 60. Kg7=
1/2-1/2

[Event "In Memorium"]
[Site "SchemingMind.com"]
[Date "2007.06.16"]
[Round "-"]
[White "o.malito"]
[Black "Ashmaster"]
[Result "0-1"]
[WhiteCountry "ITA"]
[BlackCountry "IRL"]
[WhiteElo "1718"]
[WhiteRD "89"]
[BlackElo "1687"]
[BlackRD "80"]
[GameID "109476"]

1. e4 c5 2. Nc3 Nc6 3. g3 g6 4. Bg2 Bg7 5. d3 d6 6. Be3 Rb8 7. Nge2 b5 8. Rb1 b4 9. Na4 e6 10. b3 Nge7
11. O-O Bd7 12. Qd2 Nd4 13. Nxd4 cxd4 14. Bh6 O-O 15. Bxg7 Kxg7 16. Nb2 Bb5 17. Qxb4 e5 18. Nc4 Bxc4 19. Qxc4 Rc8 20. Qa4 Rxc2
21. Qxa7 Nc6 22. Qa4 Qa8 23. Qxa8 Rxa8 24. Rfc1 Raxa2 25. Rxc2 Rxc2 26. b4 Kf8 27. f4 Ke8 28. b5 Nb8 29. Bh3 Rc3 30. Bf1 Kd7
31. Rb2 Kc7 32. fxe5 dxe5 33. b6+ Kb7 34. Kf2 Rc6 35. Rb5 f6 36. Bh3 Rc2+ 37. Kg1 Rc3 38. Bf1 Nd7 39. Kf2 Nxb6 40. Ke1 Rc1+
41. Kf2 Rc2+ 42. Be2 Ka6 43. Rb3 Rc3 44. Rxc3 dxc3
0-1

[Event "In Memorium"]
[Site "SchemingMind.com"]
[Date "2007.06.17"]
[Round "-"]
[White "o.malito"]
[Black "Games Freak"]
[Result "1-0"]
[WhiteCountry "ITA"]
[BlackCountry "AUS"]
[WhiteElo "1704"]
[WhiteRD "96"]
[BlackElo "1303"]
[BlackRD "76"]
[GameID "109477"]

1. e4 d5 2. exd5 Qxd5 3. Nc3 Qd8 4. d4 Nf6 5. Nf3 Nc6 6. Bb5 a6 7. Bxc6+ bxc6 8. h3 Be6 9. Na4 Bd5 10. c3 e6
11. O-O Qd6 12. Nc5 Ne4 13. Nxe4 Qe7 14. Nc5 g6 15. Re1 Bg7 16. Bf4 a5 17. Qd3 a4 18. a3 f6 19. c4 Qd6 20. Bxd6 cxd6
21. cxd5 cxd5 22. Rxe6+ Kf7 23. Rae1 dxc5 24. Qb5 cxd4 25. Qd7+ Kf8 26. Re8+ Rxe8 27. Qxe8#
1-0

[Event "In Memorium"]
[Site "SchemingMind.com"]
[Date "2007.06.18"]
[Round "-"]
[White "o.malito"]
[Black "echecs"]
[Result "0-1"]
[WhiteCountry "ITA"]
[BlackCountry "ENG"]
[WhiteElo "1676"]
[WhiteRD "109"]
[BlackElo "1805"]
[BlackRD "60"]
[GameID "109478"]

1. d4 e6 2. c4 Nf6 3. Nf3 Bb4+ 4. Bd2 Qe7 5. g3 d5 6. e3 O-O 7. c5 Bxd2+ 8. Nbxd2 Nc6 9. Bg2 b6 10. Nb3 Ba6
11. a4 Nb4 12. Bf1 Bxf1 13. Kxf1 Ne4 14. Nfd2 Nxd2+ 15. Qxd2 a5 16. Nc1 bxc5 17. Nd3 cxd4 18. Nxb4 Qxb4 19. Qxb4 axb4 20. exd4 Rfc8
21. b3 c5 22. dxc5 Rxc5 23. Ke2 Rc3 24. Rab1 Ra5 25. Kd2 f6 26. Rhc1 d4 27. Rxc3 bxc3+ 28. Kd3 e5 29. Kc4 Kf7 30. Kb4 Rd5
31. Kc4 Ke6 32. b4 e4 33. b5 c2
0-1

[Event "In Memorium"]
[Site "SchemingMind.com"]
[Date "2007.06.16"]
[Round "-"]
[White "o.malito"]
[Black "smothered mate"]
[Result "0-1"]
[WhiteCountry "ITA"]
[BlackCountry "POL"]
[WhiteElo "1676"]
[WhiteRD "109"]
[BlackElo "1930"]
[BlackRD "80"]
[GameID "109481"]

1. c4 e5 2. Nc3 Nf6 3. g3 Bb4 4. Bg2 O-O 5. Nf3 e4 6. Ng5 Bxc3 7. bxc3 d5 8. cxd5 Qxd5 9. d3 Qe5 10. d4 Qa5
11. Qc2 Bf5 12. Qb3 Qb6 13. O-O h6 14. Nh3 Nc6 15. Qxb6 axb6 16. e3 b5 17. a3 Nd5 18. Bd2 Na5 19. Rfb1 c6 20. Bf1 Bxh3
21. Bxh3 Nc4 22. Be1 Ra4 23. Bf1 Rfa8 24. Bxc4 Rxc4 25. Rb3 b6 26. Bd2 h5 27. Kg2 Kf8 28. f3 f5 29. fxe4 fxe4 30. g4 h4
31. g5 Ke7 32. Kh3 Rh8 33. Rb4 Nxb4 34. axb4 Rh7 35. Be1 c5 36. Bxh4 Kd6 37. Kg4 Rxc3 38. bxc5+ bxc5 39. Ra6+ Kd5 40. g6 Rxh4+
41. Kxh4 cxd4
0-1

[Event "In Memorium"]
[Site "SchemingMind.com"]
[Date "2007.06.17"]
[Round "-"]
[White "o.malito"]
[Black "Pervachess"]
[Result "1-0"]
[WhiteCountry "ITA"]
[BlackCountry "ROU"]
[WhiteElo "1676"]
[WhiteRD "109"]
[BlackElo "1219"]
[BlackRD "103"]
[GameID "109482"]

1. e4 e5 2. Nf3 d6 3. d4 exd4 4. Nxd4 Be6 5. Bb5+ c6 6. Ba4 Nf6 7. Bg5 Be7 8. Bxf6 Bxf6 9. c3 Bxd4 10. Qxd4 O-O
11. Nd2 Na6 12. Bb3 c5 13. Qe3
1-0

[Event "In Memorium"]
[Site "SchemingMind.com"]
[Date "2007.06.15"]
[Round "-"]
[White "loco61"]
[Black "o.malito"]
[Result "0-1"]
[WhiteCountry "ENG"]
[BlackCountry "ITA"]
[WhiteElo "1505"]
[WhiteRD "65"]
[BlackElo "1704"]
[BlackRD "96"]
[GameID "109483"]

1. e4 e5 2. Nf3 Nc6 3. Bc4 Bc5 4. Nc3 Nf6 5. d3 h6 6. Nd5 Nxd5 7. Bxd5 d6 8. h3 Nd4 9. c3 Ne6 10. b4 Bb6
11. a4 c6 12. Bb3 Bd7 13. Qe2 a5 14. Be3 O-O 15. Bxb6 Qxb6 16. Qd2 axb4 17. cxb4 c5 18. b5 Bxb5 19. O-O Bc6 20. Rfb1 Qc7
21. Nh4 Nd4 22. Bd1 Ra5 23. Ra3 Rfa8 24. Rba1 b5 25. Nf5 Nxf5 26. exf5 b4 27. R3a2 Bd5 28. Rb2 Qb6 29. Kf1 Bc6 30. f6 Bxa4
31. Bf3 Bc6 32. Rxa5 Rxa5 33. Bxc6 Ra1+ 34. Ke2 Qxc6 35. f3 d5 36. fxg7 Kxg7 37. Qe3 Qd6 38. g4 c4 39. dxc4 dxc4 40. Rxb4 Qd1+
41. Kf2 Qg1+
0-1

[Event "In Memorium"]
[Site "SchemingMind.com"]
[Date "2007.06.17"]
[Round "-"]
[White "Ashmaster"]
[Black "o.malito"]
[Result "1-0"]
[WhiteCountry "IRL"]
[BlackCountry "ITA"]
[WhiteElo "1650"]
[WhiteRD "72"]
[BlackElo "1676"]
[BlackRD "109"]
[GameID "109484"]

1. e4 c5 2. Nf3 e6 3. d4 cxd4 4. Nxd4 a6 5. Bd3 Nf6 6. O-O d6 7. Qe2 Qb6 8. Rd1 Qxd4 9. Bb5+ axb5 10. Rxd4 Bd7
11. Nc3 Nc6 12. Rd1 b4 13. Nb5
1-0

[Event "In Memorium"]
[Site "SchemingMind.com"]
[Date "2007.06.17"]
[Round "-"]
[White "Games Freak"]
[Black "o.malito"]
[Result "0-1"]
[WhiteCountry "AUS"]
[BlackCountry "ITA"]
[WhiteElo "1303"]
[WhiteRD "76"]
[BlackElo "1704"]
[BlackRD "96"]
[GameID "109485"]

1. e3 e5 2. Bc4 d5 3. Bb3 Nf6 4. Nc3 Bb4 5. Nf3 Bg4 6. h3 Bxf3 7. Qxf3 Bxc3 8. dxc3 e4 9. Qf4 O-O 10. g4 Qd7
11. g5 Nh5 12. Qe5 c6 13. f4 Ng3 14. Rg1 Nf5 15. c4 Re8 16. Qc3 d4 17. Qb4 Na6 18. Qd2 Nxe3 19. c3 c5 20. Qf2 Nf5
21. h4 e3 22. Qf3 d3 23. Qg2 Rad8 24. Bd1 d2+ 25. Bxd2 exd2+ 26. Kf1 Ne3+ 27. Kf2 Nxg2 28. Rxg2 Qd3 29. a3 Qe3+ 30. Kf1 Qe1#
0-1

[Event "In Memorium"]
[Site "SchemingMind.com"]
[Date "2007.06.20"]
[Round "-"]
[White "echecs"]
[Black "o.malito"]
[Result "0-1"]
[WhiteCountry "ENG"]
[BlackCountry "ITA"]
[WhiteElo "1805"]
[WhiteRD "60"]
[BlackElo "1676"]
[BlackRD "109"]
[GameID "109486"]

1. b4 e5 2. Bb2 Bxb4 3. Bxe5 Nf6 4. Nf3 d5 5. e3 Bd6 6. Bb2 Bg4 7. Be2 c6 8. c4 O-O 9. Nc3 Re8 10. cxd5 Qc7
11. dxc6 Nxc6 12. Nb5 Qe7 13. h3 Bh5 14. Nxd6 Qxd6 15. O-O Rad8 16. d4 Bxf3 17. Bxf3 Ne4 18. a3 f5 19. Be2 f4 20. f3 Ng3
21. Bc4+ Kh8 22. Re1 fxe3 23. Bb5 a6 24. Bxc6 Qxc6 25. Rc1 Qb6 26. Rc2 Nf5 27. Rce2 Nxd4 28. Bxd4 Rxd4 29. Qc1 Rd2 30. Kh2 Rd3
31. a4 g6 32. g4 Qd6+ 33. Kg2 Re7 34. h4 h5 35. Kh3 hxg4+ 36. fxg4 Rf7 37. Rxe3 Rf3+ 38. Kg2 Qg3+ 39. Kh1 Qh3+ 40. Kg1 Rg3+
0-1

[Event "In Memorium"]
[Site "SchemingMind.com"]
[Date "2007.06.17"]
[Round "-"]
[White "bull mccabe"]
[Black "o.malito"]
[Result "0-1"]
[WhiteCountry "IRL"]
[BlackCountry "ITA"]
[WhiteElo "1399"]
[WhiteRD "64"]
[BlackElo "1676"]
[BlackRD "109"]
[GameID "109488"]

1. e4 c5 2. Nc3 Nc6 3. Nf3 d6 4. Bb5 g6 5. O-O Bg7 6. d3 Bd7 7. a4 a6 8. Bxc6 Bxc6 9. Bd2 e5 10. Re1 Qb6
11. b3 Ne7 12. Ne2 O-O 13. h3 f5 14. Ng3 f4 15. Nf1 Qc7 16. N1h2 b5 17. axb5 axb5 18. Ng4 Rxa1 19. Qxa1 h5 20. Ngh2 Bf6
21. Qa5 Qxa5 22. Bxa5 Ra8 23. Bc7 Nc8 24. h4 Ra7 25. Bxd6 Nxd6 26. Nf1 Ra2 27. Rc1 b4
0-1

[Event "In Memorium"]
[Site "SchemingMind.com"]
[Date "2007.06.17"]
[Round "-"]
[White "smothered mate"]
[Black "o.malito"]
[Result "1-0"]
[WhiteCountry "POL"]
[BlackCountry "ITA"]
[WhiteElo "1930"]
[WhiteRD "80"]
[BlackElo "1676"]
[BlackRD "109"]
[GameID "109489"]

1. e4 e5 2. Nf3 Nc6 3. Bc4 Bc5 4. b4 Bxb4 5. c3 Bc5 6. O-O d6 7. d4 exd4 8. cxd4 Bb6 9. Qb3 Qf6 10. e5 dxe5
11. dxe5 Qg6 12. Nc3 Be6 13. Nd5 Na5 14. Qa4+ c6 15. Nf4 Qe4 16. Nxe6 fxe6 17. Nd2 Qxe5 18. Ba3 Bc7 19. Nf3 Qf4 20. Rac1 Nxc4
21. Rxc4 Qf6 22. Rxc6 bxc6 23. Qxc6+ Kf7 24. Qxa8 Bb6 25. Re1 g6 26. Qf8#
1-0

[Event "In Memorium"]
[Site "SchemingMind.com"]
[Date "2007.06.17"]
[Round "-"]
[White "Pervachess"]
[Black "o.malito"]
[Result "0-1"]
[WhiteCountry "ROU"]
[BlackCountry "ITA"]
[WhiteElo "1219"]
[WhiteRD "103"]
[BlackElo "1676"]
[BlackRD "109"]
[GameID "109490"]

1. d4 d5 2. Nc3 e6 3. Bf4 Bd6 4. Bg3 c5 5. dxc5 Bxc5 6. e3 Qb6 7. Nb5 Na6 8. Bd3 Bd7 9. a4 Bxb5 10. Bxb5+ Kf8
11. c3 Nc7 12. Bxc7 Qxc7 13. Nh3 Nf6 14. O-O Qb6
0-1

[Event "In Memorium"]
[Site "SchemingMind.com"]
[Date "2007.06.18"]
[Round "-"]
[White "marble"]
[Black "loco61"]
[Result "0-1"]
[WhiteCountry "ENG"]
[BlackCountry "ENG"]
[WhiteElo "1706"]
[WhiteRD "55"]
[BlackElo "1513"]
[BlackRD "62"]
[GameID "109537"]

1. e4 e5 2. Nf3 Nc6 3. Bc4 Nf6 4. d4 exd4 5. O-O Bc5 6. c3 dxc3 7. Nxc3 d6 8. Bg5 h6 9. Bh4 g5 10. Bg3 Be6
11. Bb5 a6 12. Bxc6+ bxc6 13. h3 g4 14. hxg4 Bxg4 15. Bh4 Kf8 16. Qd3 h5 17. Na4 Ba7 18. Qc3 Rh6 19. Bg5 Rg6 20. Rad1 Bxf3
21. Qxf3 Rxg5 22. Rfe1 Qe7 23. e5 Rxe5 24. Qc3 Re8 25. Rf1 Ng4 26. Qf3 Re1 27. Rdxe1 Qxe1 28. g3 Qe2 29. Qg2 d5 30. Nc3 Qxb2
31. Nd1 Qxa2 32. Kh1 Bd4 33. f3 Re2
0-1

[Event "In Memorium"]
[Site "SchemingMind.com"]
[Date "2007.06.16"]
[Round "-"]
[White "marble"]
[Black "Ashmaster"]
[Result "0-1"]
[WhiteCountry "ENG"]
[BlackCountry "IRL"]
[WhiteElo "1706"]
[WhiteRD "55"]
[BlackElo "1650"]
[BlackRD "72"]
[GameID "109538"]

1. e4 c5 2. Nf3 d6 3. d4 cxd4 4. Nxd4 Nf6 5. Nc3 g6 6. Be3 Bg7 7. f3 Nc6 8. Qd2 O-O 9. O-O-O Bd7 10. g4 Nxd4
11. Bxd4 Bc6 12. h4 h5 13. Kb1 Qd7 14. Bh3 hxg4 15. fxg4 Nxe4 16. Nxe4 e5 17. Be3 Bxe4 18. Rhe1 Rac8 19. Rc1 b6 20. Rh1 Bxh1
21. Rxh1 d5 22. g5 Qc6 23. Bxc8 d4 24. Bxd4 Qxh1+ 25. Qc1 Qxc1+ 26. Kxc1 Rxc8 27. Bc3 e4 28. Bd2 f5 29. Bf4 Rd8 30. c3 Bf8
31. Bc7 Rd7 32. Bf4 Bd6 33. Be3 f4 34. Bd4 f3 35. Kd2 Bc5 36. Ke3 Bxd4+ 37. cxd4 Rxd4
0-1